Tous les Pokémon d'Ondine dans l'anime - Statistiques

Statistiques générales
  • Ce quiz a été pris 84 fois
  • Le résultat moyen est 9 sur 14
Statistiques - réponses
Pokémon d'Ondine % Correct
Stari
92%
Staross
89%
Poissirène
88%
Togetic
86%
Psykokwak
83%
Léviator
75%
Hypotrempe
58%
Tarpaud
56%
Lamantine
53%
Poissoroy
47%
Corayon
43%
Azurill
33%
Flingouste
28%
Lovdisc
24%
Aucun quiz correspondant
Distribution des résultats
% des personnes avec chaque résultat
Percentile par nombre de réponses
Votre historique - résultats
Vous n’avez pas pris ce quiz